Normal view
MARC view
- Tall buildings
Entry Topical Term
001 - CONTROL NUMBER
- control field: 1049
003 - CONTROL NUMBER IDENTIFIER
- control field: NUST
005 - DATE AND TIME OF LATEST TRANSACTION
- control field: 20170518114948.0
008 - FIXED-LENGTH DATA ELEMENTS
- fixed length control field: 170518|| aca||aabn | a|a d
040 ## - CATALOGING SOURCE
- Original cataloging agency: NUST
- Transcribing agency: NUST
150 ## - HEADING--TOPICAL TERM
- Topical term or geographic name entry element: Tall buildings
- General subdivision: Design and construction.
670 ## - SOURCE DATA FOUND
- Source citation: Work cat.: (NUST)0: Taranath, Bungale S. 1048, Reinforced concrete design of tall buildings /, c2010.
